Miedo y literatura

Uloženo v:
Podrobná bibliografie
Hlavní autor: Martínez de Mingo, Luis (autor)
Médium: Kniha
Jazyk:španělština
Vydáno: Madrid Edaf 2004
Edice:Edaf Ensayo, 21
Témata:
Tagy: Přidat tag
Žádné tagy, Buďte první, kdo vytvoří štítek k tomuto záznamu!

MARC

LEADER 00000nam a2200000 a 4500
001 UCK0035
003 CL-VaPUC
008 040910e20040000SP |||||||||||||||||spa|d
020 |a 8441414629 
082 0 4 |a 808.3  |b MAR  |2 21 
100 |a Martínez de Mingo, Luis  |e autor  |9 487965 
245 1 0 |a Miedo y literatura 
300 |a 203 p 
942 |c BK 
945 |d 20040910 00:00:00  |a cmena 
260 |a Madrid  |b Edaf  |c 2004 
650 0 |a Miedo   |9 307306 
650 0 |a Géneros literarios   |9 311945 
650 0 |a Crítica e interpretación literaria  |9 266284 
583 |a last modification  |c 20040910 00:00:00  |k Rodrigo Vera 
490 0 |a Edaf Ensayo, 21 
999 |c 310608  |d 310606 
952 |0 0  |1 0  |4 0  |6 808_300000000000000_MAR_2004  |7 0  |8 A  |9 379320  |a BIBEDU  |b BIBEDU  |d 2019-11-21  |i 406240K  |o 808.3 MAR 2004  |p 406240K  |r 2019-11-21  |w 2019-11-21  |y BK  |k LIT